00318nam a2200109Ia 4500082002300000100002000023245004400043260004000087300001700127504002600144650003800170 aRR 891.43003 GAR-; aGarg, Ganga Ram 0aEncyclopaedia of World Hindi literature aNew DelhibConcept Publishingc1986 axviii, 780p. aIncludes author index aHindi literature - Encyclopaedias